00349nam a2200121Ia 4500008004000000020001800040082001800058100002200076245006100098260003400159300001000193650002400203210210b1994 xxu||||| |||| 00| 0 eng d a81 237 1067 4 a530.092k KESR aKESVANI (Ji Ech). aRaman mattu avara parinama. Tr by Adyanadka Krashnabhat. aNDbNyashanal Buk Trastc1994 ax,185 aPhysicist Raman C V